Welcome to CU Library Online Public Access Catalogue (OPAC)

The churches the apostles left behind / (Record no. 6577)

MARC details
000 -LEADER
fixed length control field 00927cam a2200265 a 4500
001 - CONTROL NUMBER
control field 1880703
005 - DATE AND TIME OF LATEST TRANSACTION
control field 20250619081707.0
008 - FIXED-LENGTH DATA ELEMENTS--GENERAL INFORMATION
fixed length control field 830812s1984 nyu b 001 0 eng
020 ## - INTERNATIONAL STANDARD BOOK NUMBER
International Standard Book Number 0809126117 (pbk.) :
Terms of availability $4.95
020 ## - INTERNATIONAL STANDARD BOOK NUMBER
International Standard Book Number 0809103524 (hard)
050 00 - LIBRARY OF CONGRESS CALL NUMBER
Classification number BR165
Item number .B698 1984
082 00 - DEWEY DECIMAL CLASSIFICATION NUMBER
Classification number 270.1
Edition information 19
100 1# - MAIN ENTRY--PERSONAL NAME
Personal name Brown, Raymond E.
Fuller form of name (Raymond Edward),
Dates associated with a name 1928-1998.
245 14 - TITLE STATEMENT
Title The churches the apostles left behind /
Statement of responsibility, etc. Raymond E. Brown.
260 ## - PUBLICATION, DISTRIBUTION, ETC.
Place of publication, distribution, etc. New York :
Name of publisher, distributor, etc. Paulist Press,
Date of publication, distribution, etc. c1984.
300 ## - PHYSICAL DESCRIPTION
Extent 156 p. ;
Dimensions 21 cm.
500 ## - GENERAL NOTE
General note Includes indexes.
650 #0 - SUBJECT ADDED ENTRY--TOPICAL TERM
Topical term or geographic name entry element Church history
Chronological subdivision Primitive and early church, ca. 30-600.
650 #0 - SUBJECT ADDED ENTRY--TOPICAL TERM
Topical term or geographic name entry element Apostles.
650 #0 - SUBJECT ADDED ENTRY--TOPICAL TERM
Topical term or geographic name entry element Church
General subdivision Biblical teaching.
650 #0 - SUBJECT ADDED ENTRY--TOPICAL TERM
Topical term or geographic name entry element Church
General subdivision History of doctrines
Chronological subdivision Early church, ca. 30-600.
650 #0 - SUBJECT ADDED ENTRY--TOPICAL TERM
Topical term or geographic name entry element Pastoral theology
General subdivision Biblical teaching.
650 #0 - SUBJECT ADDED ENTRY--TOPICAL TERM
Topical term or geographic name entry element Pastoral theology
General subdivision History of doctrines
Chronological subdivision Early church, ca. 30-600.
942 ## - ADDED ENTRY ELEMENTS (KOHA)
Source of classification or shelving scheme Library of Congress Classification
Koha item type Books
Suppress in OPAC No
999 ## -
-- 6577
-- 6577
Holdings
Withdrawn status Lost status Source of classification or shelving scheme Damaged status Not for loan Collection Home library Current library Shelving location Date acquired Total checkouts Full call number Barcode Date last seen Copy number Price effective from Koha item type
    Library of Congress Classification     Non-fiction Undergraduate Library (Christ Temple) Undergraduate Library (Christ Temple) General stacks 06/19/2025   BR165 BRO ulct00003423 06/19/2025 1 06/04/2025 Books
© 2023-2024 Copyright: Central University Libraries. All Rights Reserved | Created by: Mahone Tech Office